Представление документа в формате MARC21

Поле Инд. ПП Название Значение
Тип записи a
Библиографический уровень m
001 Контрольный номер ab251b5d-f79c-4fb9-9da5-47174480f6f8
005 Дата корректировки 20250310144844.4
008 Кодируемые данные 990126 d
040 a Служба первич. каталог. НБ ТвГУ
041 0_ a Код языка текста rus
080 a Индекс УДК 82.0(075.8)
084 a Индекс другой классификации/Индекс ББК Ш40я731-1
090 a Полочн. индекс Ш40
x Авторский знак М 54
245 10 a Заглавие Методические рекомендации по курсу "Теория литературы"
b Продолж. заглавия для студентов 4 курса филологического факультета
c Ответственность Тверской государственный университет. Кафедра русской литературы ; составители И. В. Фоменко
260 0_ a Место издания Тверь
c Дата издания 1992
300 a Объем 9 с., включ. обл.
653 0_ a Ключевые слова Теория литературы
a Ключевые слова Труды Тверского государственного университета
a Ключевые слова Литературоведение
a Ключевые слова Учебники для вузов
700 1_ a Другие авторы Фоменко Игорь Владимирович
e Роль лиц сост.
710 12 a Организация/ юрисдикция Тверской государственный университет
852 41 i Расстановочный признак Проверка 2021
901 t Тип документа m
920 a Оператор Семен
a Оператор Петр
930 a Новая/Ретро ретро
952 c Вид литературы Б ум
954 e Дата перешифровки 20211018
954 a Дата поступления на обработку 20220119